000 00891nac a22002657a 4500
001 BR9301091
003 BR-BrBNA
005 20240105121426.0
008 230509b bl.|||m| |||| 00| 0 por d
040 _aBR-BrBNA
_bpor
_cBiblioteca Nacional de Agricultura
072 _aD50; L10
090 _a5212 BR9301091
110 1 _aAssociacao Brasileira dos Criadores de Zebu, Uberaba, MG (Brasil). Depto. de Genealogia
_9347
245 1 _aRelatorio do SRGRZ-SMG Relatorio anual ano 1992
260 3 _aUberaba, MG (Brasil):
_c1992.
300 _a[vp]
490 _aRelatorio - Associacao Brasileira dos Criadores de Zebu. Depto. de Genealogia (Brazil)
_v
_x
500 _aNumerical data
650 _aGado Zebu
650 _aRaca
650 _aRegistro Genealogico
650 _aMelhoramento Genetico Animal
909 _a202312
_bLúcia Elande
_c55
_dLúcia Elande
942 _2AGRIS
_n0
_cMS
999 _c285234
_d285234